Normal view
MARC view
- Ghinsberg, yossi
Entry Personal Name
001 - CONTROL NUMBER
- control field: 133586
003 - CONTROL NUMBER IDENTIFIER
- control field: NUST
005 - DATE AND TIME OF LATEST TRANSACTION
- control field: 20260305143647.0
008 - FIXED-LENGTH DATA ELEMENTS
- fixed length control field: 260305|| aca||aabn | a|a d
040 ## - CATALOGING SOURCE
- Original cataloging agency: NUST
- Transcribing agency: NUST
100 ## - HEADING--PERSONAL NAME
- Personal name: Ghinsberg, yossi
670 ## - SOURCE DATA FOUND
- Source citation: Work cat.: (NUST): Ghinsberg, yossi., Jungle: A Harrowing True Story of Adventure, Danger and Survival /, 1970.
